| 000 | 00869nam a22002297a 4500 | ||
|---|---|---|---|
| 003 | OSt | ||
| 005 | 20181112111625.0 | ||
| 008 | 180308b xxu||||| |||| 00| 0 spa d | ||
| 040 | _cPJ | ||
| 100 |
_92973 _aGrau, Armando Emilio |
||
| 245 | 1 | 0 |
_aHabilitación de la instancia contencioso administrativa _cArmando Emilio Grau. |
| 260 |
_aLa Plata : _bPlatense, _c1971. |
||
| 300 | _a186 p. ; | ||
| 490 |
_aEnsayos Jurídicos _v17 |
||
| 504 | _aBibliografía: p. 171 - 186. | ||
| 505 | _aContenido: Proceso administrativo -- Presupuesto procesales en el juicio administrativo -- Habilitación de la instancia en el juicio administrativo. | ||
| 650 |
_aDERECHO ADMINISTRATIVO _9211 |
||
| 650 | 0 |
_aPROCEDIMIENTO ADMINISTRATIVO _91135 |
|
| 650 | 0 |
_aINSTANCIA ADMINISTRATIVA _92995 |
|
| 650 | 0 |
_aHABILITACIÓN DE INSTANCIA _92996 |
|
| 942 |
_2udc _cLIB _h347.922 _iGRA |
||
| 999 |
_c70 _d70 |
||